00538pab a2200181 454500008004000000100002100040245004600061260000900107300001100116362001000127650003800137650002800175773001500203908000600218909001000224999001700234952010500251180718b2011 xxu||||| |||| 00| 0 eng d aSachar, Rajindar aPositive implications of the Karzai visit c2011 ap.3-5. a8 Oct aGujarat - Politics and government aPolitics and government aMainstream aN a93450 c93450d93450 00104070aIIPAbIIPAd2018-07-19hVolume no: 49, Issue no: 42pAR93910r2018-07-19w2018-07-19yAR